Central Library OPAC University of Rajshahi

Strategic management : (Record no. 63918)

MARC details
000 -LEADER
fixed length control field 00909nam a2200277 a 4500
001 - CONTROL NUMBER
control field 63918
003 - CONTROL NUMBER IDENTIFIER
rucl marc code BD-RjUL
005 - DATE AND TIME OF LATEST TRANSACTION
control field 20211209081243.0
008 - FIXED-LENGTH DATA ELEMENTS--GENERAL INFORMATION
fixed length control field 170205r19991981mauab b 001 0 eng
020 ## - INTERNATIONAL STANDARD BOOK NUMBER
International Standard Book Number 0071167897
International Standard Book Number 0073037141
035 ## - SYSTEM CONTROL NUMBER
System control number (BD-RjUL)64048
040 ## - CATALOGING SOURCE
Original cataloging agency DLC
Transcribing agency DLC
Modifying agency BD-RjUL
Language of cataloging eng
041 ## - LANGUAGE CODE
Language code of text/sound track or separate title eng
082 00 - DEWEY DECIMAL CLASSIFICATION NUMBER
Classification number 658.4012
Edition number 23
Author mark and year THS 1999
100 1# - MAIN ENTRY--PERSONAL NAME
Personal name Thompson, Arthur A.,
Dates associated with a name 1940-
9 (RLIN) 158957
245 10 - TITLE STATEMENT
Title Strategic management :
Remainder of title concepts and cases /
Statement of responsibility, etc. Arthur A. Thompson, Jr., A.J. Strickland, III.
250 ## - EDITION STATEMENT
Edition statement 11th ed.
260 ## - PUBLICATION, DISTRIBUTION, ETC. (IMPRINT)
Place of publication, distribution, etc. Boston, Mass. :
Name of publisher, distributor, etc. McGraw-Hill/Irvin,
Date of publication, distribution, etc. 1981 c1999
300 ## - PHYSICAL DESCRIPTION
Pagination (various pagings) :
Illustrations ill. ;
Size 26 cm.
504 ## - BIBLIOGRAPHY, ETC. NOTE
Bibliography, etc Includes bibliographical references and indexes.
650 #0 - SUBJECT ADDED ENTRY--TOPICAL TERM
Topical term or geographic name as entry element Strategic planning.
9 (RLIN) 158283
Topical term or geographic name as entry element Strategic Management
General subdivision Case studies.
9 (RLIN) 158958
700 1# - ADDED ENTRY--PERSONAL NAME
Personal name Strickland, A. J.
Fuller form of name (Alonzo J.)
942 ## - ADDED ENTRY ELEMENTS (KOHA)
Source of classification or shelving scheme Dewey Decimal Classification
Koha item type Books
Holdings
Lost status Source of classification or shelving scheme Damaged status Not for loan Collection code Permanent Location Current Location Shelving location Date acquired Source of acquisition Cost, normal purchase price Total Checkouts Full call number Date last seen Copy number Koha item type
  Dewey Decimal Classification   Not For Loan Non-fiction Central Library, University of Rajshahi Central Library, University of Rajshahi Reading Room 02/08/2000 karim International dhaka 909.00   658.4012 THS 1999 05/02/2017 C-1 Books